000 00701nam a2200241Ia 4500
005 20260121113035.0
008 10825 260114s9999 xx 000 0 eng d
020 _a9789814532822
037 _aEBOOK
040 _aCRL
_beng
_cCRL
041 _aeng
_2eng
084 _qCRL
100 _aMatsushita T Et Al
_9967272
245 0 _aCritical State in Superconductors - Proceedings of 1994 Topical International Cryogenic Materials Conference
260 _bWorld Scientific
260 _bWSPC
260 _c1995
650 _aPhysics
_9967273
856 _uhttps://www.worldscientific.com/worldscibooks/10.1142/2737#t=toc
942 _cEBOOK
999 _c1548125
_d1548125